[Event "33. Open Barbera del Valles 2010"]
[Site "Barbera del Valles ESP"]
[Date "2010.07.12"]
[Round "9.4"]
[White "Oms Pallisse, Josep"]
[Black "Huerga Leache, Mikel"]
[Result "1-0"]
[WhiteElo "2494"]
[BlackElo "2424"]
[PlyCount "98"]
[EventDate "2010.07.04"]
[EventType "swiss"]
[EventRounds "9"]
[EventCountry "ESP"]
[Source "lmi"]
[SourceDate "2010.07.04"]

1. d4 d5 2. c4 c6 3. Nf3 Nf6 4. Nc3 a6 5. e3 b5 6. b3 Bg4 7. h3 Bxf3 8. Qxf3
bxc4 9. bxc4 e5 10. Rb1 Qa5 11. Qf5 Nbd7 12. Bd2 Bb4 13. Rxb4 Qxb4 14. Nxd5 Qb2
15. Nc7+ Ke7 16. Nxa8 e4 17. Be2 Rxa8 18. Qa5 Qb1+ 19. Bd1 Qd3 20. Qc3 a5 21.
Qxd3 exd3 22. c5 Rb8 23. a4 Ne4 24. Bxa5 Rb2 25. O-O Ndf6 26. f3 Ng3 27. Rf2
Ne2+ 28. Kf1 Nd5 29. Ke1 Nxe3 30. Bxe2 dxe2 31. Bd2 Rb1+ 32. Kxe2 Nc4 33. Kd3
Nxd2 34. Rxd2 Ra1 35. Rb2 Rxa4 36. Rb7+ Ke6 37. Rc7 Ra6 38. Ke4 f5+ 39. Kf4 g6
40. Kg5 Kd5 41. Rd7+ Kc4 42. Rxh7 Kxd4 43. Kxg6 f4 44. Rh5 Ra8 45. Rg5 Rh8 46.
Kg7 Rh4 47. Rg4 Rh5 48. Rxf4+ Kxc5 49. g4 Kd5 1-0

[Event "33. Open Barbera del Valles 2010"]
[Site "Barbera del Valles ESP"]
[Date "2010.07.12"]
[Round "9.5"]
[White "Almeida Quintana, Omar"]
[Black "Mihailovs, Jurijs"]
[Result "1-0"]
[WhiteElo "2559"]
[BlackElo "2405"]
[PlyCount "131"]
[EventDate "2010.07.04"]
[EventType "swiss"]
[EventRounds "9"]
[EventCountry "ESP"]
[Source "lmi"]
[SourceDate "2010.07.04"]

1. d4 Nf6 2. c4 e6 3. Nf3 b6 4. Nc3 Bb4 5. Bg5 Bxc3+ 6. bxc3 Bb7 7. Nd2 d6 8.
f3 Nbd7 9. e4 e5 10. Qa4 O-O 11. Be2 Re8 12. O-O Nf8 13. Rfe1 Ne6 14. Be3 Nh5
15. Qd1 Qf6 16. Nb3 Qg6 17. Bf1 Rad8 18. a4 a5 19. Qd2 Ba6 20. Kh1 h6 21. Qf2
Ra8 22. Red1 Qf6 23. Ra2 Red8 24. Rad2 Nhf4 25. g3 Ng6 26. h4 Bb7 27. Kh2 Ne7
28. Bd3 g5 29. hxg5 hxg5 30. c5 bxc5 31. d5 Nf8 32. Rb2 Rdb8 33. Kg2 Bc8 34.
Qd2 Nh7 35. Bb5 Ng6 36. c4 g4 37. Rf1 gxf3+ 38. Rxf3 Bh3+ 39. Kf2 Qe7 40. Ke1
Bg4 41. Rf1 Nf6 42. Qd3 Nh5 43. Bd2 Rf8 44. Nxa5 f5 45. Nc6 Qg7 46. exf5 e4 47.
Qc3 Ne5 48. Nxe5 dxe5 49. Qe3 Bf3 50. Qg5 Qxg5 51. Bxg5 Rxf5 52. Be3 Kf7 53.
Bc6 Rh8 54. Rh2 Rb8 55. Bb5 Nxg3 56. Rg1 Nh5 57. a5 Nf4 58. a6 Nd3+ 59. Kd2 Nb4
60. a7 Ra8 61. Rh7+ Kf6 62. Bxc5 e3+ 63. Kxe3 Nxd5+ 64. cxd5 Bxd5 65. Be7+ Ke6
66. Rg6+ 1-0

[Event "33. Open Barbera del Valles 2010"]
[Site "Barbera del Valles ESP"]
[Date "2010.07.12"]
[Round "9.6"]
[White "Vehi Bach, Victor Manuel"]
[Black "Bhat, Vinay S"]
[Result "1/2-1/2"]
[WhiteElo "2405"]
[BlackElo "2536"]
[PlyCount "93"]
[EventDate "2010.07.04"]
[EventType "swiss"]
[EventRounds "9"]
[EventCountry "ESP"]
[Source "lmi"]
[SourceDate "2010.07.04"]

1. e4 e6 2. d4 d5 3. Nc3 Nf6 4. Bg5 Bb4 5. e5 h6 6. Bd2 Bxc3 7. bxc3 Ne4 8. Qg4
Kf8 9. Qf4 c5 10. Bd3 Nxd2 11. Qxd2 Qa5 12. dxc5 Nd7 13. Nf3 Nxc5 14. O-O Bd7
15. Nd4 h5 16. Rfe1 Rc8 17. Nb3 Qc7 18. c4 dxc4 19. Bxc4 Be8 20. Qf4 Qe7 21.
Bf1 g6 22. h4 Kg7 23. Re3 Nxb3 24. cxb3 Bc6 25. Rg3 Bd5 26. Rg5 Rc3 27. Be2 a5
28. Rd1 Rc2 29. Rd2 Rxd2 30. Qxd2 Qb4 31. Qxb4 axb4 32. g4 hxg4 33. Rxg4 Ra8
34. Rxb4 Rxa2 35. Bc4 Bf3 36. Kh2 Rb2 37. Kg3 Bc6 38. Rb6 Kh6 39. Rb4 Rb1 40.
Bd3 Rg1+ 41. Kf4 Rh1 42. Ke3 Rh3+ 43. Ke2 Kh5 44. Rf4 Be8 45. Rb4 Bc6 46. Rf4
Be8 47. Rb4 1/2-1/2

[Event "33. Open Barbera del Valles 2010"]
[Site "Barbera del Valles ESP"]
[Date "2010.07.12"]
[Round "9.7"]
[White "Perpinya Rofes, Lluis Maria"]
[Black "Gonzalez Vidal, Yuri"]
[Result "0-1"]
[WhiteElo "2344"]
[BlackElo "2522"]
[PlyCount "70"]
[EventDate "2010.07.04"]
[EventType "swiss"]
[EventRounds "9"]
[EventCountry "ESP"]
[Source "lmi"]
[SourceDate "2010.07.04"]

1. e4 c5 2. Nf3 d6 3. d4 cxd4 4. Nxd4 Nf6 5. Nc3 g6 6. Be3 Bg7 7. f3 O-O 8. Qd2
Nc6 9. Bc4 Bd7 10. O-O-O Rc8 11. Bb3 Ne5 12. h4 h5 13. Bg5 Rc5 14. Kb1 a5 15.
a4 Qb6 16. Ndb5 Bxb5 17. axb5 Nc4 18. Bxc4 Rxc4 19. Bxf6 Bxf6 20. Nd5 Qxb5 21.
Nxf6+ exf6 22. Qxd6 Rc6 23. Qd5 Rc5 24. Qd6 Rc6 25. Qd5 Qb6 26. Qd4 Qc7 27. Rd2
a4 28. Rc1 Ra6 29. Qd7 Qf4 30. Qxb7 Raa8 31. Rcd1 a3 32. c3 axb2 33. Rxb2 Rfb8
34. Qd5 Qg3 35. Qd2 Rxb2+ 0-1

[Event "33. Open Barbera del Valles 2010"]
[Site "Barbera del Valles ESP"]
[Date "2010.07.12"]
[Round "9.8"]
[White "Abreu Delgado, Aryam"]
[Black "Mestre Bellido, Hector"]
[Result "1-0"]
[WhiteElo "2474"]
[BlackElo "2404"]
[PlyCount "69"]
[EventDate "2010.07.04"]
[EventType "swiss"]
[EventRounds "9"]
[EventCountry "ESP"]
[Source "lmi"]
[SourceDate "2010.07.04"]

1. e4 e5 2. Nf3 d6 3. d4 Nd7 4. Bc4 c6 5. O-O Be7 6. dxe5 dxe5 7. Ng5 Bxg5 8.
Qh5 g6 9. Qxg5 Qxg5 10. Bxg5 Nc5 11. f3 Be6 12. Be2 h6 13. Be3 Na4 14. b3 Nb6
15. a4 Ne7 16. Nd2 f5 17. a5 Nd7 18. Nc4 Nc8 19. Rfd1 Ke7 20. Rd2 f4 21. Bf2
Rb8 22. g3 g5 23. gxf4 exf4 24. Bd4 Rg8 25. Kf2 b6 26. Be5 Ra8 27. axb6 Ncxb6
28. Bd6+ Kf7 29. Na5 c5 30. Nc6 c4 31. b4 a6 32. c3 Nc8 33. Bc7 Ne7 34. Nd4 Nf8
35. b5 1-0

[Event "33. Open Barbera del Valles 2010"]
[Site "Barbera del Valles ESP"]
[Date "2010.07.12"]
[Round "9.9"]
[White "Aloma Vidal, Robert"]
[Black "Gagarin, Vasilij"]
[Result "1/2-1/2"]
[WhiteElo "2445"]
[BlackElo "2403"]
[PlyCount "45"]
[EventDate "2010.07.04"]
[EventType "swiss"]
[EventRounds "9"]
[EventCountry "ESP"]
[Source "lmi"]
[SourceDate "2010.07.04"]

1. Nf3 d5 2. c4 c6 3. d4 Nf6 4. Nc3 e6 5. e3 Nbd7 6. Bd3 dxc4 7. Bxc4 b5 8. Bd3
Bd6 9. Ng5 Bb7 10. Bd2 O-O 11. Qc2 h6 12. Nge4 Be7 13. Nxf6+ Nxf6 14. Ne4 Nxe4
15. Bxe4 b4 16. O-O Qb6 17. Rfc1 Rfc8 18. a3 c5 19. Bxb7 Qxb7 20. dxc5 Rxc5 21.
Qb3 Rb5 22. a4 Rd5 23. Be1 1/2-1/2

[Event "33. Open Barbera del Valles 2010"]
[Site "Barbera del Valles ESP"]
[Date "2010.07.12"]
[Round "9.10"]
[White "Fenollar Jorda, Manuel"]
[Black "Perez Mitjans, Orelvis"]
[Result "0-1"]
[WhiteElo "2369"]
[BlackElo "2424"]
[PlyCount "44"]
[EventDate "2010.07.04"]
[EventType "swiss"]
[EventRounds "9"]
[EventCountry "ESP"]
[Source "lmi"]
[SourceDate "2010.07.04"]

1. d4 d5 2. c4 Nc6 3. Nc3 dxc4 4. Nf3 Nf6 5. Bg5 a6 6. d5 Na7 7. e4 h6 8. Bxf6
exf6 9. Bxc4 Bd6 10. h3 Bd7 11. O-O Qe7 12. Qe2 g5 13. Rfe1 g4 14. Nh4 Qe5 15.
g3 O-O-O 16. hxg4 h5 17. Nf5 hxg4 18. Qxg4 Rdg8 19. Qf3 Kb8 20. Kg2 Bxf5 21.
exf5 Qd4 22. Qd3 Rh2+ 0-1

[Event "33. Open Barbera del Valles 2010"]
[Site "Barbera del Valles ESP"]
[Date "2010.07.12"]
[Round "9.11"]
[White "Vilela De Acuna, Jose Luis"]
[Black "Matnadze, Ana"]
[Result "0-1"]
[WhiteElo "2329"]
[BlackElo "2422"]
[PlyCount "80"]
[EventDate "2010.07.04"]
[EventType "swiss"]
[EventRounds "9"]
[EventCountry "ESP"]
[Source "lmi"]
[SourceDate "2010.07.04"]

1. Nf3 Nf6 2. c4 e6 3. Nc3 b6 4. g3 Bb7 5. Bg2 Be7 6. O-O O-O 7. Re1 d5 8. cxd5
exd5 9. d4 Nbd7 10. Bg5 Ne4 11. Bxe7 Qxe7 12. Rc1 c5 13. dxc5 Nxc3 14. Rxc3
bxc5 15. e3 Rfe8 16. Rc1 Nf6 17. Qc2 Rac8 18. b3 Ne4 19. Nd2 f5 20. Qb2 Rf8 21.
Nf3 Rf6 22. Rc2 Ba6 23. Rd1 Rd8 24. Ne5 d4 25. exd4 Qxe5 26. dxe5 Rxd1+ 27. Bf1
Rxf1+ 28. Kg2 Rb6 29. f3 Ng5 30. Rxc5 Rxf3 31. Qd2 h6 32. Rc7 Bf1+ 33. Kg1 Bh3
34. Qd5+ Kh7 35. Rc1 Re6 36. b4 Re3 37. Qb7 R6xe5 38. Qxa7 Nf3+ 39. Kf2 Re2+
40. Kxf3 Bg4+ 0-1

[Event "33. Open Barbera del Valles 2010"]
[Site "Barbera del Valles ESP"]
[Date "2010.07.12"]
[Round "9.13"]
[White "Cruz Lledo, Pablo"]
[Black "Chueca Forcen, Alberto"]
[Result "1-0"]
[WhiteElo "2239"]
[BlackElo "2280"]
[PlyCount "111"]
[EventDate "2010.07.04"]
[EventType "swiss"]
[EventRounds "9"]
[EventCountry "ESP"]
[Source "lmi"]
[SourceDate "2010.07.04"]

1. d4 Nf6 2. Nf3 e6 3. Bg5 c5 4. c3 Qb6 5. Qc2 cxd4 6. cxd4 Nc6 7. Bxf6 gxf6 8.
e3 d5 9. Be2 Bd6 10. O-O f5 11. Nc3 Bd7 12. Na4 Qc7 13. Rac1 Rc8 14. Nc5 Ke7
15. a3 Nb8 16. Qd2 Bc6 17. b4 b5 18. a4 Qb6 19. a5 Qc7 20. Rc2 Rhg8 21. Rfc1 h5
22. Nd3 f6 23. Nf4 Bxf4 24. exf4 Qd7 25. Ne1 h4 26. Nd3 Na6 27. Nc5 Nxc5 28.
Rxc5 a6 29. Qc3 Kd6 30. Qh3 Qg7 31. Bf1 Qg4 32. Qc3 Bd7 33. Rc7 Rxc7 34. Qxc7+
Ke7 35. Qc5+ Kf7 36. Qc7 Ke7 37. h3 Qxh3 38. Qc5+ Ke8 39. Qd6 Qg4 40. Rc7 Rg7
41. Ra7 Re7 42. Rxa6 h3 43. Ra8+ Kf7 44. Rh8 hxg2 45. Bxg2 Qg7 46. Rh3 Bc8 47.
a6 Ke8 48. Rg3 Qf8 49. Bf1 Kf7 50. Bxb5 e5 51. dxe5 Be6 52. Be2 Qh6 53. Qd8
fxe5 54. fxe5 Re8 55. Bh5+ Kf8 56. Qxe8# 1-0

[Event "33. Open Barbera del Valles 2010"]
[Site "Barbera del Valles ESP"]
[Date "2010.07.12"]
[Round "9.15"]
[White "Aderito, Pedro"]
[Black "Subirats Ruiz, Sergi"]
[Result "1-0"]
[WhiteElo "2333"]
[BlackElo "2138"]
[PlyCount "51"]
[EventDate "2010.07.04"]
[EventType "swiss"]
[EventRounds "9"]
[EventCountry "ESP"]
[Source "lmi"]
[SourceDate "2010.07.04"]

1. c4 Nf6 2. Nc3 d5 3. d4 g6 4. cxd5 Nxd5 5. Bd2 Bg7 6. e4 Nb6 7. Be3 O-O 8. h3
c5 9. Nf3 Kh8 10. Be2 f5 11. exf5 Bxf5 12. dxc5 Qxd1+ 13. Rxd1 N6d7 14. Nd4 e5
15. Ndb5 Na6 16. g4 Be6 17. O-O Rad8 18. c6 bxc6 19. Nxa7 Nb4 20. Rd6 Bxa2 21.
Nxa2 Nxa2 22. Nxc6 Rc8 23. Ra1 Rxc6 24. Rxc6 Nb4 25. Rc7 Nf6 26. Raa7 1-0

[Event "33. Open Barbera del Valles 2010"]
[Site "Barbera del Valles ESP"]
[Date "2010.07.12"]
[Round "9.16"]
[White "Grafl, Florian"]
[Black "Randazzo, Adrian"]
[Result "1/2-1/2"]
[WhiteElo "2416"]
[BlackElo "2243"]
[PlyCount "50"]
[EventDate "2010.07.04"]
[EventType "swiss"]
[EventRounds "9"]
[EventCountry "ESP"]
[Source "lmi"]
[SourceDate "2010.07.04"]

1. e4 c5 2. b3 d6 3. Bb2 Nc6 4. Bb5 e5 5. Ne2 Nf6 6. d3 Bd7 7. O-O Be7 8. f4
Qc7 9. fxe5 dxe5 10. Ng3 O-O-O 11. Bxc6 Bxc6 12. Qf3 g6 13. Nd2 Rdf8 14. Ne2
Nd7 15. Qh3 Kb8 16. Nc4 Rhg8 17. Nc3 Bg5 18. Bc1 Bxc1 19. Raxc1 h5 20. Ne3 Qd6
21. Ncd5 Bxd5 22. Nxd5 f5 23. c4 f4 24. Qh4 Nf6 25. Qg5 Nh7 1/2-1/2

[Event "33. Open Barbera del Valles 2010"]
[Site "Barbera del Valles ESP"]
[Date "2010.07.12"]
[Round "9.17"]
[White "Silva Rodriguez, Julio"]
[Black "Munoz Pantoja, Miguel"]
[Result "0-1"]
[WhiteElo "2126"]
[BlackElo "2494"]
[PlyCount "94"]
[EventDate "2010.07.04"]
[EventType "swiss"]
[EventRounds "9"]
[EventCountry "ESP"]
[Source "lmi"]
[SourceDate "2010.07.04"]

1. e4 c5 2. Nf3 Nc6 3. d4 cxd4 4. Nxd4 Nf6 5. Nc3 e5 6. Ndb5 d6 7. Bg5 a6 8.
Na3 b5 9. Nd5 Be7 10. Bxf6 Bxf6 11. c4 b4 12. Nc2 a5 13. Be2 O-O 14. Qd3 Bg5
15. O-O Be6 16. Rfd1 Rc8 17. b3 f5 18. Bf3 g6 19. a3 bxa3 20. Rxa3 Kh8 21. Ra2
Bh4 22. g3 Bg5 23. Nc3 Qb6 24. Rb2 Rcd8 25. Nb5 f4 26. Qe2 fxg3 27. hxg3 Qc5
28. Ne1 Nb4 29. Bg4 Bg8 30. Nd3 Nxd3 31. Qxd3 a4 32. Rc2 axb3 33. Qxb3 h5 34.
Bh3 Rxf2 35. Rxf2 Rf8 36. Nd4 Rxf2 37. Kxf2 exd4 38. Bf1 Be3+ 39. Kg2 Qg5 40.
Qb5 Qg4 41. c5 Qxd1 42. cxd6 Qc2+ 43. Be2 Qxe4+ 44. Bf3 Qc2+ 45. Be2 Bd5+ 46.
Kh2 Qf5 47. Qe8+ Kg7 0-1

[Event "33. Open Barbera del Valles 2010"]
[Site "Barbera del Valles ESP"]
[Date "2010.07.12"]
[Round "9.18"]
[White "Ridameya Tatche, Jose Miguel"]
[Black "Uribe Arteaga, Daniel"]
[Result "1-0"]
[WhiteElo "2060"]
[BlackElo "2233"]
[PlyCount "77"]
[EventDate "2010.07.04"]
[EventType "swiss"]
[EventRounds "9"]
[EventCountry "ESP"]
[Source "lmi"]
[SourceDate "2010.07.04"]

1. e4 d5 2. exd5 Qxd5 3. Nc3 Qd6 4. d4 Nf6 5. Nb5 Qb6 6. c4 a6 7. Nc3 Nc6 8. c5
Qb4 9. Nge2 e5 10. a3 Qa5 11. Bd2 exd4 12. Na4 Qb5 13. Nxd4 Nxd4 14. Bxb5+ axb5
15. Nc3 Bg4 16. f3 Bf5 17. O-O Bxc5 18. Kh1 O-O-O 19. b4 Bb6 20. Rc1 Rd7 21.
Ne4 Nxe4 22. fxe4 Bxe4 23. Re1 f5 24. Rc3 Rhd8 25. Bg5 Re8 26. Qc1 h6 27. Be3
g5 28. a4 f4 29. a5 Ba7 30. Bf2 c6 31. a6 Rde7 32. Qd2 Rd8 33. Rd3 c5 34. bxc5
Bxd3 35. Rxe7 Nc6 36. axb7+ Kb8 37. Re6 Bc4 38. Rd6 Kc7 39. Rxc6+ 1-0

[Event "33. Open Barbera del Valles 2010"]
[Site "Barbera del Valles ESP"]
[Date "2010.07.12"]
[Round "9.19"]
[White "Tallo Dominguez, Imar"]
[Black "Sanglas Clariana, Josep"]
[Result "1-0"]
[WhiteElo "2204"]
[BlackElo "2207"]
[PlyCount "35"]
[EventDate "2010.07.04"]
[EventType "swiss"]
[EventRounds "9"]
[EventCountry "ESP"]
[Source "lmi"]
[SourceDate "2010.07.04"]

1. e4 e5 2. Nf3 d6 3. d4 Nd7 4. Bc4 c6 5. Ng5 Nh6 6. O-O Nb6 7. Bb3 Bg4 8.
Bxf7+ Kd7 9. f3 Be7 10. fxg4 Bxg5 11. dxe5 Nxf7 12. Rxf7+ Ke8 13. Rxg7 Bxc1 14.
Qxc1 dxe5 15. Nc3 Qf6 16. Rxb7 Nc4 17. Qf1 Qe6 18. Qf5 1-0

[Event "33. Open Barbera del Valles 2010"]
[Site "Barbera del Valles ESP"]
[Date "2010.07.12"]
[Round "9.20"]
[White "Ezquerro Luque, Albert"]
[Black "Capellades Subirana, Marc"]
[Result "1-0"]
[WhiteElo "1981"]
[BlackElo "2268"]
[PlyCount "119"]
[EventDate "2010.07.04"]
[EventType "swiss"]
[EventRounds "9"]
[EventCountry "ESP"]
[Source "lmi"]
[SourceDate "2010.07.04"]

1. e4 e5 2. Nf3 Nc6 3. Bc4 Bc5 4. d3 Nf6 5. Nc3 d6 6. Be3 Bb6 7. Qd2 Be6 8. Bb3
Nd4 9. Bxd4 exd4 10. Na4 c5 11. Nxb6 axb6 12. O-O d5 13. exd5 Nxd5 14. Ng5 O-O
15. Nxe6 fxe6 16. Rae1 Rf6 17. Re5 Qd6 18. Rfe1 Raf8 19. Bxd5 exd5 20. f3 h6
21. Qe2 Qc6 22. Re6 Qc7 23. Qe5 Rxe6 24. Qxe6+ Qf7 25. Kf2 b5 26. a3 c4 27.
Qxf7+ Kxf7 28. dxc4 Rc8 29. Re5 Rxc4 30. Rxd5 Rxc2+ 31. Kg3 Rxb2 32. Rxd4 Ke6
33. Re4+ Kf6 34. Rf4+ Ke6 35. Re4+ Kf6 36. Re8 Rb3 37. Rb8 Rxa3 38. Rxb7 Rb3
39. Rb6+ Kf7 40. h4 Rb4 41. h5 Kg8 42. Rb7 Kf8 43. Kh3 Kg8 44. Kg3 Kf8 45. f4
Rb2 46. Kf3 Kg8 47. g4 Rb4 48. g5 hxg5 49. fxg5 Kf8 50. Kg3 Kg8 51. g6 Kf8 52.
Rb8+ Ke7 53. h6 Rb3+ 54. Kf2 Rb2+ 55. Ke3 Rb3+ 56. Kd2 gxh6 57. g7 Rg3 58. g8=Q
Rxg8 59. Rxg8 Kf6 60. Ke3 1-0

[Event "33. Open Barbera del Valles 2010"]
[Site "Barbera del Valles ESP"]
[Date "2010.07.12"]
[Round "9.21"]
[White "Martin Sanchez, Enric"]
[Black "Jareno Badenas, Aleix"]
[Result "1/2-1/2"]
[WhiteElo "2044"]
[BlackElo "1967"]
[PlyCount "100"]
[EventDate "2010.07.04"]
[EventType "swiss"]
[EventRounds "9"]
[EventCountry "ESP"]
[Source "lmi"]
[SourceDate "2010.07.04"]

1. e4 c5 2. Nf3 Nf6 3. Nc3 d5 4. exd5 Nxd5 5. Bb5+ Bd7 6. Bxd7+ Qxd7 7. O-O Nc6
8. d3 O-O-O 9. Re1 f6 10. Qe2 e5 11. Nxd5 Qxd5 12. a3 Be7 13. Bd2 Nd4 14. Nxd4
cxd4 15. Qe4 Qxe4 16. Rxe4 Rd7 17. f4 Rc7 18. Rc1 Bd6 19. fxe5 Bxe5 20. g3 Rd8
21. Kg2 Rd5 22. Bf4 Rdc5 23. Re2 Kd7 24. Bxe5 fxe5 25. Kf3 Ke6 26. Ke4 R5c6 27.
Rf2 Rc5 28. h4 Rb5 29. c4 dxc3 30. bxc3 Rb3 31. Rf5 Rcxc3 32. Rxe5+ Kd6 33.
Rxc3 Rxc3 34. Rg5 Rc7 35. h5 Re7+ 36. Kd4 h6 37. Rg6+ Kd7 38. Kd5 Rf7 39. g4
Ke8 40. Re6+ Kd7 41. a4 Rf4 42. Rg6 Rf7 43. a5 Ke8 44. d4 Rd7+ 45. Kc5 Rc7+ 46.
Kb5 Rd7 47. a6 bxa6+ 48. Kc6 Rxd4 49. Rxg7 Kf8 50. Rg6 Kf7 1/2-1/2

[Event "33. Open Barbera del Valles 2010"]
[Site "Barbera del Valles ESP"]
[Date "2010.07.12"]
[Round "9.22"]
[White "Sayrol Clols, Jose M"]
[Black "Nunez Lucero, Francisco"]
[Result "1/2-1/2"]
[WhiteElo "2099"]
[BlackElo "2178"]
[PlyCount "65"]
[EventDate "2010.07.04"]
[EventType "swiss"]
[EventRounds "9"]
[EventCountry "ESP"]
[Source "lmi"]
[SourceDate "2010.07.04"]

1. e4 e6 2. d4 d5 3. Nc3 Bb4 4. a3 Bxc3+ 5. bxc3 dxe4 6. Qg4 Nf6 7. Qxg7 Rg8 8.
Qh6 c5 9. Rb1 Nbd7 10. h4 Qa5 11. Qd2 a6 12. Ne2 b6 13. Nf4 Bb7 14. dxc5 O-O-O
15. c4 Qxc5 16. Qe3 Qf5 17. Qc3 Nc5 18. Be3 Ng4 19. g3 Na4 20. Qb3 Qa5+ 21. Qb4
Nxe3 22. fxe3 Rxg3 23. Rh3 Rxh3 24. Bxh3 Qe5 25. Qxa4 Qc3+ 26. Kf2 Rd2+ 27. Ne2
Qf6+ 28. Ke1 Rd8 29. Nf4 Qc3+ 30. Kf2 Rd2+ 31. Ne2 Qf6+ 32. Ke1 Rd8 33. Nf4
1/2-1/2

[Event "33. Open Barbera del Valles 2010"]
[Site "Barbera del Valles ESP"]
[Date "2010.07.12"]
[Round "9.23"]
[White "Silva Rodriguez, Fernando"]
[Black "Do Santos Julio, Joao Manuel"]
[Result "1-0"]
[WhiteElo "2115"]
[BlackElo "2122"]
[PlyCount "83"]
[EventDate "2010.07.04"]
[EventType "swiss"]
[EventRounds "9"]
[EventCountry "ESP"]
[Source "lmi"]
[SourceDate "2010.07.04"]

1. d4 d5 2. c4 c6 3. Nc3 e6 4. e4 dxe4 5. Nxe4 Nf6 6. Nxf6+ Qxf6 7. Nf3 Nd7 8.
Bd3 Bb4+ 9. Bd2 Bxd2+ 10. Qxd2 O-O 11. O-O e5 12. d5 cxd5 13. cxd5 Nc5 14.
Bxh7+ Kxh7 15. Qc2+ e4 16. Qxc5 Bf5 17. Nd4 Rfc8 18. Qb4 Bg4 19. f3 a5 20. Qd2
exf3 21. Nxf3 Qb6+ 22. Kh1 f6 23. Nh4 Kg8 24. Rae1 Re8 25. Ng6 Qd6 26. Re3 Kf7
27. Rg3 Qd7 28. h3 Bf5 29. Nf4 Re5 30. Qd1 Rh8 31. Qb3 a4 32. Qb6 g5 33. Rc3
Qd8 34. Rc7+ Re7 35. d6 Rxc7 36. dxc7 Qd2 37. Nh5 Rxh5 38. Rxf5 Qc1+ 39. Kh2
Rh6 40. Qc5 Rxh3+ 41. gxh3 Qxb2+ 42. Rf2 1-0